01318nam a2200289 a 450000100060000000300080000600500170001400800410003103500190007204000320009104100080012308200230013109900170015410000250017124500700019626000530026630000260031950400590034561000330040465100600043765100600049794200120055799900170056995201400058695201510072695201510087753661BD-RjUL20211209080010.0161022s1964 ilu b 001 0deng  a(BD-RjUL)53783 aDLCcWSUdSERdBD-RjULbeng aeng a355.0942bLUE 1964 a355.42aL9781 aLuvaas, Jay.916038214aThe education of an army :bBritish military thought, 1815-1940 / aChicago : bUniversity of Chicago Press, cc1964 axi, 454 p. ; c23 cm. aBibliography: p. [433]-439. Bibliographical footnotes.10aGreat Britain.bArmy9202841 0aGreat BritainxHistory, Militaryy19th century.9160383 0aGreat BritainxHistory, Militaryy20th century.9146877 2ddccBK c53661d53661 00102ddc40708NFICaRUCLbRUCLcStackd0000-00-00eZeithingerg86.00l0o355.0942 LUE 1964r2016-10-22 00:00:00tC-2w2016-10-22yBK 00102ddc40718NFICaRUCLbRUCLcReadingd1970-10-27eSweets & zeithingerg86.00l0o355.0942 LUE 1964r2017-02-19 00:00:00tC-1w2017-02-19yBK 00102ddc40718NFICaRUCLbRUCLcReadingd1970-10-27eSweets & zeithingerg86.00l0o355.0942 LUE 1964r2017-02-19 00:00:00tC-3w2021-12-09yBK